Resistance and revolution : (Record no. 21167)
[ view plain ]
| 000 -LEADER | |
|---|---|
| fixed length control field | 01103nam a2200253 4500 |
| 008 - FIXED-LENGTH DATA ELEMENTS--GENERAL INFORMATION | |
| fixed length control field | 040909s2002 ph b f000 0 eng |
| 020 ## - INTERNATIONAL STANDARD BOOK NUMBER | |
| International Standard Book Number | 9718140247 |
| 090 ## - LOCALLY ASSIGNED LC-TYPE CALL NUMBER (OCLC); LOCAL CALL NUMBER (OCLC) | |
| Classification number (OCLC) (R) ; Classification number, CALL (RLIN) (NR) | DS668 |
| Local cutter number (OCLC) ; Book number/undivided call number, CALL (RLIN) | R31c |
| 245 00 - TITLE STATEMENT | |
| Title | Resistance and revolution : |
| Remainder of title | Philippine archipelago in arms / |
| Statement of responsibility, etc | Bernardita Reyes Churchill, editor ; with the assistance of Gil G. Gotiangco, Jr. II, Samuel K. Tan, Helen R. Tubangui. |
| 246 14 - VARYING FORM OF TITLE | |
| Title proper/short title | Resistance & revolution |
| 246 30 - VARYING FORM OF TITLE | |
| Title proper/short title | Philippine archipelago in arms |
| 250 ## - EDITION STATEMENT | |
| Edition statement | 1st ed. |
| 260 ## - PUBLICATION, DISTRIBUTION, ETC. (IMPRINT) | |
| Place of publication, distribution, etc | Manila : |
| Name of publisher, distributor, etc | National Commission for Culture and the Arts, Committee on Historical Research, |
| Date of publication, distribution, etc | 2002. |
| 300 ## - PHYSICAL DESCRIPTION | |
| Extent | xi, 276 p. ; |
| Dimensions | 23 cm. |
| 504 ## - BIBLIOGRAPHY, ETC. NOTE | |
| Bibliography, etc | Includes bibliographical references. |
| 546 ## - LANGUAGE NOTE | |
| Language note | In English, and one article in Tagalog. |
| 650 #4 - SUBJECT ADDED ENTRY--TOPICAL TERM | |
| Topical term or geographic name as entry element | Philippines |
| General subdivision | History. |
| 951 ## - EQUIVALENCE OR CROSS-REFERENCE-GEOGRAPHIC NAME/AREA NAME [OBSOLETE] [CAN/MARC only] | |
| General subdivision | 00029519 |
| 700 1# - ADDED ENTRY--PERSONAL NAME | |
| Personal name | Churchill, Bernardita Reyes. |
| 700 1# - ADDED ENTRY--PERSONAL NAME | |
| Personal name | Gotiangco, Gil G. |
| 700 1# - ADDED ENTRY--PERSONAL NAME | |
| Personal name | Tan, Samuel K. |
| 700 1# - ADDED ENTRY--PERSONAL NAME | |
| Personal name | Tubangui, Helen R. |
| 710 22 - ADDED ENTRY--CORPORATE NAME | |
| Corporate name or jurisdiction name as entry element | National Commission on Culture and the Arts (Philippines). |
| Subordinate unit | Committee on Historical Research. |
| 951 ## - EQUIVALENCE OR CROSS-REFERENCE-GEOGRAPHIC NAME/AREA NAME [OBSOLETE] [CAN/MARC only] | |
| -- | 27591 |
| -- | DS668/R31c |
| -- | 070613111415765 |
| -- | 2000-12-21 |
| -- | FIL |
| Withdrawn status | Lost status | Damaged status | Not for loan | Home library | Current library | Shelving location | Date acquired | Accession number | Shelving control number | Total Checkouts | Full call number | Barcode | Date last seen | Price effective from | Koha item type |
|---|---|---|---|---|---|---|---|---|---|---|---|---|---|---|---|
| BSOP Library | BSOP Library | Filipiniana | 12/21/2000 | 27591 | 127 | DS668/R31c | 00029519 | 02/23/2013 | 02/23/2013 | Books |
